|
|
|
|
| LEADER |
00000nas a2200000 i 4500 |
| 001 |
ssj0000537 |
| 003 |
WaSeSS |
| 005 |
20200512172242.0 |
| 006 |
m d |
| 007 |
cr n |
| 008 |
750921c19519999enkmr p s 0 a0eng |
| 010 |
|
|
|a 53039027
|
| 016 |
|
|
|a (AMICUS)000000886358
|
| 016 |
7 |
|
|a 000025406341
|2 AU
|
| 016 |
7 |
|
|a 2045983-X
|2 DE-600
|
| 016 |
7 |
|
|a 100967863
|2 DNLM
|
| 016 |
7 |
|
|a 009542875
|2 Uk
|
| 022 |
|
|
|l 0018-2753
|y 0018-2753
|
| 032 |
|
|
|a 246580
|b USPS
|
| 035 |
|
|
|a (WaSeSS)ssj0000537
|
| 040 |
|
|
|a DLC
|b eng
|c MUL
|d YUS
|d COO
|d NSD
|d IUL
|d DLC
|d NSD
|d AIP
|d NST
|d NSD
|d SYS
|d NLM
|d OCLCQ
|d CDS
|d OCLCQ
|d LVB
|d TNG
|d OCLCQ
|d CWS
|d OCLCQ
|d OCLCF
|d AU@
|d K6U
|d UKMGB
|d OCL
|d EUW
|d OCLCQ
|d XFH
|d OCLCQ
|d CSJ
|d OCLCA
|d OCLCQ
|d BUFSP
|d GILDS
|d OCLCQ
|d MBE
|d OCLCO
|d OCLCQ
|d IOG
|d NTG
|d RDF
|d GDC
|d OCLCQ
|d OCLCO
|d DLC
|d CNTRU
|d AVA
|d NZAUC
|d CNUTO
|d NLC
|d G8V
|d NZLPP
|d ZQP
|d OCLCQ
|d OCLCO
|d WaSeSS
|
| 042 |
|
|
|a nsdp
|a pcc
|
| 050 |
0 |
0 |
|a D1
|b .H818
|
| 082 |
0 |
4 |
|a 905
|2 19
|
| 210 |
0 |
|
|a Hist. today
|
| 222 |
|
0 |
|a History today
|
| 245 |
0 |
0 |
|a History today
|h [electronic resource].
|
| 260 |
|
|
|a London :
|b History Today Ltd.,
|c 1951-
|
| 310 |
|
|
|a Monthly
|
| 362 |
0 |
|
|a V. [1]- Jan. 1951-
|
| 500 |
|
|
|a Editors: 1951- P. Quennell, A. Hodge.
|
| 506 |
|
|
|a License restrictions may limit access.
|
| 588 |
1 |
|
|a Vol. 67, issue 8 (Aug. 2017)
|
| 650 |
|
0 |
|a History
|v Periodicals.
|
| 650 |
|
2 |
|a History.
|
| 650 |
|
6 |
|a Histoire
|v Périodiques.
|
| 650 |
|
7 |
|a History.
|2 fast
|0 (OCoLC)fst00958235
|
| 655 |
|
0 |
|a Electronic journals.
|
| 700 |
1 |
|
|a Quennell, Peter,
|d 1905-1993.
|
| 850 |
|
|
|a DLC
|
| 853 |
0 |
3 |
|8 1
|a v.
|b no.
|i (year)
|j (month)
|
| 853 |
2 |
0 |
|8 2
|a v.
|b (*)
|u 12
|v r
|i (year)
|j (month)
|w m
|x 01
|
| 856 |
4 |
0 |
|z Full text available from Research Library: 01/01/1992 to 12/31/2010
|u https://search.proquest.com/publication/42454
|
| 863 |
4 |
0 |
|8 1
|a <1>-
|i <1951>-
|x provisional
|
| 863 |
4 |
1 |
|8 2.1
|a <55>
|b <1>
|i <2005>
|j <01>
|